NPB 日本プロ野球 2000奪三振達成者 - Statistics

General Stats
  • This quiz has been taken 442 times
    331 since last reset
  • The average score is 10 of 24
Answer Stats
通算奪三振数 最終所属球団 氏名 % Correct
4490 読売 金田正一
91%
2200 東北楽天 岸孝之
79%
2085 中日 涌井秀章
75%
2481 横浜DeNA 三浦大輔
65%
2310 中日 山本昌広
60%
2574 西鉄 稲尾和久
54%
2058 阪急 山田久志
53%
3388 近鉄 米田哲也
50%
2859 埼玉西武 工藤公康
49%
2987 西武 江夏豊
47%
3061 近鉄 鈴木啓示
46%
2363 ロッテ 村田兆治
44%
2271 阪神 村山実
37%
2115 埼玉西武 石井一久
37%
2082 埼玉西武 西口文也
37%
2156 読売 杉内俊哉
35%
3159 大洋 小山正明
34%
2045 大洋 平松政次
33%
2111 読売 槙原寛己
29%
2041 阪神 星野伸之
26%
2008 ヤクルト 松岡弘
18%
2945 阪急 梶本隆夫
16%
2092 読売 川口和久
7%
2244 中日 小野正一
4%
No matching quizzes found
Score Distribution
Percent of People with Each Score
Percentile by Number Answered
Your Score History
You have not taken this quiz since the last reset